000 00182 a2200097 4500
020 _a0-440-29555-6
041 _aeng
100 _aGrisham, John
245 _aThe partner
942 _cBK
999 _c16510
_d16510